Tribals and their culture (Record no. 390999)

000 -LEADER
fixed length control field 00544cam a22001577a 4500
008 - FIXED-LENGTH DATA ELEMENTS--GENERAL INFORMATION
fixed length control field 180718b1992 xxu||||| |||| 00| 0 eng d
082 ## - DEWEY DECIMAL CLASSIFICATION NUMBER
Classification number BA27 G346t
100 ## - MAIN ENTRY--PERSONAL NAME
Personal name Ghosh, G.K.
245 ## - TITLE STATEMENT
Title Tribals and their culture
Statement of responsibility, etc. by G.K. Ghosh
260 ## - PUBLICATION, DISTRIBUTION, ETC.
Place of publication, distribution, etc. New Delhi
Name of publisher, distributor, etc. Ashish
Date of publication, distribution, etc. 1992
300 ## - PHYSICAL DESCRIPTION
Extent 3v.
500 ## - GENERAL NOTE
General note Contents: v.1 Assam, Meghalaya and Mizoram, 143p.;v.2 Arunachal Pradesh and Tripura, 154p.;v.3 Manipur and Nagaland, 223p.
650 ## - SUBJECT ADDED ENTRY--TOPICAL TERM
Topical term or geographic name entry element India --Social life and customs.
650 ## - SUBJECT ADDED ENTRY--TOPICAL TERM
Topical term or geographic name entry element India --Scheduled tribes
650 ## - SUBJECT ADDED ENTRY--TOPICAL TERM
Topical term or geographic name entry element Ethnology --India
Holdings
Withdrawn status Lost status Damaged status Not for loan Permanent Location Current Location Date acquired Full call number Barcode Date last seen Price effective from Koha item type Checked out
        Indian Institute of Public Administration Indian Institute of Public Administration 2000-01-18 BA27 G346t 74778 2018-07-21 2018-07-21 Book  
        Indian Institute of Public Administration Indian Institute of Public Administration 2000-01-18 BA27 G346t 74777 2018-07-21 2018-07-21 Book  
        Indian Institute of Public Administration Indian Institute of Public Administration 2000-01-18 BA27 G346t 74776 2018-07-21 2018-07-21 Book 2011-08-19

Powered by Koha